Paesi con più medaglie vinte nelle Olimpiadi estive - Statistics

Statistiche generali
  • Questo quiz è stato fatto 4.187 volte
  • Il punteggio medio è 14 su 20
Statistiche sulle risposte
🏅 Country % Corretto
618 Italia
99%
2,636 Stati Uniti
99%
634 Cina
98%
764 Francia
98%
974 Germania | Germania dell'Ovest
97%
497 Russia
95%
497 Giappone
93%
326 Canada
89%
916 Gran Bretagna
85%
547 Australia
82%
298 Polonia
69%
503 Svezia
67%
287 Corea del Sud
65%
321 Paesi Bassi
63%
305 Finlandia
51%
1,122 Unione Sovietica | Squadra Unificata
50%
308 Romania
48%
491 Ungheria
44%
241 Cuba
23%
409 Germania dell'est
20%
Nessun quiz corrispondente trovato
Distribuzione punteggi
Percentuale di utenti per punteggio
Percentile per numero di risposta
I tuoi punteggi nel tempo
Non hai fatto questo quiz